1599 1130 1196 1658 1249 1977 1515 1919 1499 1847 1299 1672 1777 1903 1800 1305 1649 1164 1835 1778 1112 1540 1247 1660 1970 1340 1483 1613 1362 1021 1144 1561 1761 1638 1548 1680 1169 1289 1679 1162 1455 1918 1515 1197 1045 1039 1545 1984 1326 1903 1036 1536 1803 1622 1773 1129 1287 1165 1578 1679 1582 1814 1319 1434 1418 1520 1919 1660 1882 1202 1066 1883 1378 1155 1411 1580 1553 1121 1190 1517 1892 1062 1094 1531 1003 1630 1063 1423 1561 1399 1413 1966 1372 1838 1642 1171 1392 1343 1956 BCNSPRNW ULIB Ver.6.0+V

เปลี่ยนเป็นภาษาไทย

Change to English
 แสดงรายละเอียดบรรณานุกรม
  กลับหน้าหลัก

Brief Record : Get Marc (ISO 2709) : E-mail record : QR code < ปิดหน้าต่าง
LEADER : 00000nam 2200000uu 4500
001    13399121747
003     ULIB
008    121204s2547||||th 000 0 tha d
060 04 ^aWC3^bส693ช
245 00 ^aรายงานการสังเคราะห์องค์ความรู้จากการประชุมนานาชาติเรื่องโรคเอดส์ครั้งที่ 15 :^bด้านโครงการชุมชน /^cจิตรลดา รัตนพันธ์... [และคณะ] ; จัดทำโดย สำนักโรคเอดส์ วัณโรค และโรคติดต่อทางเพศสัมพันธ์ กรมควบคุมโรค กระทรวงสาธารณสุข
246 30 ^aการสังเคราะห์องค์ความรู้จากการประชุมนานาชาชาติเรื่องโรคเอดส์ครั้งที่ 15 :^bด้านโครงการชุมชน
250    ^aพิมพ์ครั้งที่ 1
260    ^aนนทบุรี :^bสำนักโรคเอดส์ วัณโรค และโรคติดต่อทางเพศสัมพันธ์,^c2547
300    ^aก-ง, 54 หน้า :^bภาพประกอบ ;^c30 ซม.
650  7 ^aกลุ่มอาการภูมิคุ้มกันเสื่อม
650  7 ^aโรคเอดส์
700 0  ^aจิตรลดา รัตนพันธ์
710 2  ^aกรมควบคุมโรค. ^bสำนักโรคเอดส์ วัณโรคและโรคติดต่อทางเพศสัมพันธ์
711 2  ^aการประชุมนานาชาติเรื่องโรคเอดส์^n(ครั้งที่ 15 :^d2547 :^cนนทบุรี)
945    ^p0^l0^i24335
995    ^aทศพร
999    ^aทศพร
รายการนี้ยังไม่มีแท็ก
คุณยังไม่ได้ล็อกอิน คุณสามารถมีกิจกรรมร่วมกับเว็บไซต์ได้ แต่ต้องล็อกอินก่อน ::
  ล็อกอิน

รายการสื่อสารสนเทศ

ลำดับที่ ประเภท เลขเรียก/บาร์โค้ด สถานที่ สถานะ
1. วิทยาศาสตร์การแพทย์ และสุขภาพ
วิทยาศาสตร์การแพทย์ และสุขภาพ
WC3 ส693ช ฉ.1 
  Barcode: 24335
ห้องสมุดวิทยาเขตสวรรค์ประชารักษ์
►หนังสือทั่วไป
ถูกยืม กำหนดส่งวันที่ 15 พฤษภาคม 2558
  จอง

รายการใกล้เคียง
    หัวเรื่อง [กลุ่มอาการภูมิคุ้มกันเสื่อม]
    หัวเรื่อง [โรคเอดส์]

BibComment


ยังไม่เคยถูกคอมเมนท์

คอมเมนท์ทรัพยากรรายการนี้
  คอมเมนท์: รายงานการสังเครา..


 Copyright 2026. Bcnsprnw @Library